000
00276 a2200109 4500
020
_a
9789361591884
100
_a
Showick Thorpe
245
_a
General Studies Paper II (for UPSC Preliminary examination) : CSAT 2025
250
_a
14th
260
_b
Pearson
_c
2025
942
_c
OO
999
_c
116262
_d
116261